[Event "Ruhrgebiet VK1 0304"]
[Site "Ruhrgebiet"]
[Date "2004.04.25"]
[Round "9.8"]
[White "Knoop, Jochen"]
[Black "Klink, Thomas"]
[Result "1/2-1/2"]
[WhiteElo "1487"]
[BlackElo "1749"]
[PlyCount "82"]
[EventDate "2003.09.28"]
[EventType "team-tourn"]
[EventRounds "9"]
[EventCountry "GER"]
[SourceTitle "EXT 2007"]
[Source "ChessBase"]
[SourceDate "2006.11.23"]
[SourceVersion "1"]
[SourceVersionDate "2006.11.23"]
[SourceQuality "1"]
[WhiteTeam "Boenen SV"]
[BlackTeam "Essen Listiger Bauer"]
[WhiteTeamCountry "GER"]
[BlackTeamCountry "GER"]

1. e4 c5 2. d4 cxd4 3. c3 dxc3 4. Nxc3 d6 5. Nf3 Nc6 6. Bc4 e6 7. 0-0 Be7 8. Qe2 a6 9. a4 Qc7 10. Bf4 Nf6 11. Rac1 0-0 12. Rfd1 Bd7 13. h3 Rac8 14. Ba2 Rfd8 15. Nd5 Qa5 16. Nxe7+ Nxe7 17. Bxd6 Rxc1 18. Rxc1 Nc8 19. Bc7 Qxa4 20. Bxd8 Qxa2 21. Ne5 Qa4 22. Nxd7 Qxd7 23. Rd1 Qc6 24. Ba5 g6 25. Bc3 Ne8 26. Qf3 Qc7 27. Qd3 Ne7 28. Qd4 f6 29. Qa4 Nc6 30. Qc4 Qe7 31. Qd3 b5 32. Qd7 Qxd7 33. Rxd7 b4 34. Bd2 a5 35. Kf1 h5 36. Bh6 a4 37. Bd2 a3 38. bxa3 bxa3 39. Bc3 a2 40. Rd2 Nb4 41. Ke1 f5 1/2-1/2